Anime Emoji Quiz - Statistics

General Stats
  • This quiz has been taken 2,166 times
  • The average score is 10 of 20
Answer Stats
Hint Answer % Correct
๐Ÿ““๐ŸŽ๐Ÿ“โšฐ๏ธ๐Ÿ’€ Death Note
94%
๐Ÿดโ€โ˜ ๏ธ๐Ÿ‘’๐Ÿ–๐Ÿ’โ›ต๏ธ One Piece
89%
๐ŸฆŠ๐Ÿœ๐Ÿฅ๐ŸŒ€ Naruto
88%
1๏ธโƒฃ๐Ÿ‘Š๐Ÿป๐Ÿ’ข๐Ÿ‘จ๐Ÿปโ€๐Ÿฆฒ๐Ÿ’ฏ One Punch Man
84%
๐Ÿ‘บ๐ŸŒŠโš”๏ธโšก๏ธ๐Ÿ‘น๐ŸŒ€ Demon Slayer
82%
โš”๏ธ๐Ÿ”ฐ๐ŸŽ๐Ÿ—๐Ÿงฃ Attack on Titan
77%
๐Ÿ‘น๐Ÿ”จ๐Ÿผโ›ฉ๐Ÿฆน๐Ÿผโ€โ™‚๏ธ Jujutsu Kaisen
71%
โš”๏ธ๐ŸŽฎ๐ŸŽจ๐Ÿ’ป๐Ÿ‘พ Sword Art Online
66%
๐ŸŽฃโ›“๐Ÿƒ๐ŸŒƒ๐Ÿœ Hunter x Hunter
58%
๐Ÿš€๐Ÿค ๐Ÿšฌ๐Ÿ”ซ๐ŸŽท๐Ÿ’ฐ Cowboy Bebop
54%
โ˜•๏ธ๐Ÿ—ผ๐Ÿ‘ป๐Ÿฉธโ›ฉ๐Ÿง›๐Ÿป Tokyo Ghoul
50%
๐Ÿฒ๐ŸŸ ๐Ÿ”ต๐Ÿฅ•๐Ÿฅฌ๐Ÿฅฆ Dragon Ball Z
44%
๐Ÿฆพ๐Ÿฆฟ๐Ÿค–๐Ÿถ๐Ÿ‘ง๐Ÿป Fullmetal Alchemist: Brotherhood
40%
๐Ÿ‘ง๐Ÿผโ›๐ŸŒ›๐Ÿ’€๐Ÿ•ท๐Ÿฐ๐Ÿ•ฏ Soul Eater
27%
๐ŸŽ€๐Ÿฑ๐Ÿญ๐Ÿถ๐Ÿ’• Fruits Basket
23%
๐Ÿ”ฅ๐Ÿ‰โ„๏ธโš”๏ธโ™’๏ธ๐Ÿฏ Fairy Tail
22%
๐Ÿง‘๐Ÿป๐Ÿ‘ฉ๐Ÿปโ€๐Ÿฆฐ๐Ÿ‘ฉ๐Ÿปโ€๐Ÿฆฐ๐Ÿ‘ฉ๐Ÿปโ€๐Ÿฆฐ๐Ÿ‘ฉ๐Ÿปโ€๐Ÿฆฐ๐Ÿ‘ฉ๐Ÿปโ€๐Ÿฆฐ Quintessential Quintuplets
22%
๐Ÿค–๐Ÿ‘ผ๐ŸŒ๐Ÿคฏ๐Ÿช‘ Neon Genesis Evangelion
17%
๐Ÿฏ๐Ÿฒ๐Ÿง๐Ÿผโ€โ™€๏ธ๐Ÿ’—๐Ÿง๐Ÿป Toradora
17%
๐Ÿ‘ฉ๐Ÿปโ€๐Ÿฆฐ๐Ÿง‘๐Ÿปโ€๐Ÿฆณ๐Ÿง‘๐Ÿป๐Ÿšโšฐ๏ธ๐Ÿ‘น The Promised Neverland
5%
No matching quizzes found
Score Distribution
Percent of People with Each Score
Percentile by Number Answered
Your Score History
You have not taken this quiz